000 00586cam a22001577a 4500
008 180718b1992 xxu||||| |||| 00| 0 eng d
082 _aB73x5461 S74
100 _aSarma, K.S.R.N.
245 _aUrban development: municipal fiscal stress: a case study of financing urban development in Delhi - 2001 AD
_cby K.S.R.N. Sarma, Gangadhar Jha and Rakesh Gupta
260 _aNew Delhi
_bIndian Institute of Public Administration
_c1992
300 _a140p.
650 _aUrban development-cities and town
650 _aMunicipal Finance
700 _aGupta, Rakesh
700 _aJha, Gangadhar
999 _c492237
_d492237